00789cam a2200205 a 450000100100000000500170001000800410002704000250006808200150009324500950010826000790020330000170028249000660029950000450036565100200041065000230043070000320045371000320048583000660051700000665120200929153951.0860808s1984 cl f000 0 spa d aDO-SdBNPbspacBNPHU a983bD637h00aDocumentos históricos y literarios chilenos /cpresentación Enrique Campos Menéndez. aSantiago de Chile :bDirección de Bibliotecas, Archivos y Museos,c1984. av. ;c26 cm.1 aEdiciones de la Dirección de Bibliotecas, Archivos y Museos aLa biblioteca sólo posee el volumen 1. 4aChilexHistoria 4aLiteratura chilena1 aCampos Menéndez, Enrique.1 aBiblioteca Nacional (Chile) 0aEdiciones de la Dirección de Bibliotecas, Archivos y Museos